| LEADER 00000nam 2200000uu 4500 |
| 001 13399114919 |
| 003 BCNR |
| 008 111222s2551||||th 000 0 tha d |
| 060 4 WA21^bส691ห 2551
|
| 110 1 สำนักงานคณะกรรมการสุขภาพแห่งชาติ
|
| 245 10 ข่ายใยความดี : สานพลังจากเครือข่ายสานสายใจแห่งความดี /^cสำนักงานคณะกรรมการสุขภาพแห่งชาติ
|
| 250 พิมพ์ครั้งที่ 1
|
| 260 นนทบุรี :^bสำนักงานคณะกรรมการสุขภาพแห่งชาติ,^c2551
|
| 300 0063 หน้า ;^c20 ซม.
|
| 500 เอกสารประกอบเวที เติมหัวใจให้สังคม ครั้งที่ 4 วันที่ 11 กรกฎาคม 2551 ณ โรงแรมมิราเคิล แกรนด์ คอนเวนชั่น
|
| 650 4 กำลังใจ
|
| 710 1 สำนักงานคณะกรรมการสุขภาพแห่งชาติ
|
| 999 ^aบรรณารักษ์
|